ბათუმის შოთა რუსთაველის სახელმწიფო უნივერსიტეტის ბიბლიოთეკა

თბოტექნიკური გაზომვები და თბური პროცესების ავტომატიზაცია : ნაწ. l . თბიექტური გაზომვები და ხელსაწყოები / (ბიბ.ჩანაწერი № 37445)

000 -ლიდერი
ფიქსირებული სიგრძის საკონტროლო ველი 01100nam a2200205Ia 4500
001 - საკონტროლო ნომერი
საკონტროლო ველი 3404
003 - საკონტროლო ნომრის იდენტიფიკატორი
საკონტროლო ველი GE_BSU
005 - ბოლო ოპერაციის თარიღი და დრო
საკონტროლო ველი 20190606194910.0
008 - ფიქსირებული სიგრძის მონაცემთა ელემენტები - ზოგადი ინფორმაცია
ფიქსირებული სიგრძის საკონტროლო ველი 181216s1977||||ge |||||||||||||| ||geo||
040 ## - კატალოგიზაციის წყარო
Transcribing agency GE_BSU
041 ## - ენის კოდი
Language code of text/sound track or separate title geo
080 ## - უნივერსალური ათობითი კლასიფიკაციის ინდექსი
Universal Decimal Classification number 621.1(075.8)+536+681 ლ-86
100 ## - მთავარი ჩანაწერი - პიროვნების სახელი
Personal name ლოსაბერიძე, ა.
9 (RLIN) 1068
245 ## - ცნობა სათაურის შესახებ
Title თბოტექნიკური გაზომვები და თბური პროცესების ავტომატიზაცია : ნაწ. l . თბიექტური გაზომვები და ხელსაწყოები /
Statement of responsibility, etc ა. ლოსაბერიძე ; რედ : ვ .გოგსაძე.
264 ## - წარმოების, გამოცემის, დისტრიბუციის და სხვა ცნობები
გამოცემის, წარმოების, დისტრიბუციის... ადგილი თბილისი :
გამოცემის, წარმოების, დისტრიბუციის... სახელწოდება განათლება,
გამოცემის, წარმოების, დისტრიბუციის... თარიღი 1977.
300 ## - ფიზიკური აღწერა
Extent 258 გვ .:
Other physical details ცხრ.
Dimensions 22 სმ.
653 ## - INDEX TERM--UNCONTROLLED
Uncontrolled term თბოტექნიკური გაზომვები; თბური პროცესების ავტომატიზაცია.
700 ## - ADDED ENTRY--PERSONAL NAME
Personal name გოგსაძე, ვ
Relator term რედაქტორი
9 (RLIN) 496
942 ## - ADDED ENTRY ELEMENTS (KOHA)
Koha item type წიგნი
Source of classification or shelving scheme
ეგზემპლარები
ჩამოწერის სტატუსი დაკარგული ეგზემპლარის სტატუსი კლასიფიკაციის წყარო ან თაროზე გაწყობის სქემა დაზიანების სტატუსი არ გაიცემა მუდმივი მდებარეობა (დაცვის ადგილი) ამჟამინდელი ადგილსამყოფელი თაროზე განთავსების ადგილი შეძენის თარიღი ღირებულება, შესყიდვის ნორმალური ფასი სრული შენახვის შიფრი შტრიხკოდი ბოლო ოპერაციის თარიღი ეგზემპლარის მიმდევრობითი ნომერი (კეტერი?) ფასის ძალაში შესვლის თარიღი ეგზემპლარის სახეობა საჯარო შენიშვნა
          ტექნოლოგიური ფაკულტეტის ბიბლიოთეკა ტექნოლოგიური ფაკულტეტის ბიბლიოთეკა წიგნსაცავი 2018-12-17 1.00 621.1(075.8)+536+681 ლ-86 10576 2018-12-17 10576 2018-12-17 წიგნი 1 ლ. 34 თ.
          ტექნოლოგიური ფაკულტეტის ბიბლიოთეკა ტექნოლოგიური ფაკულტეტის ბიბლიოთეკა წიგნსაცავი 2018-12-17 1.00 621.1(075.8)+536+681 ლ-86 10577 2018-12-17 10577 2018-12-17 წიგნი 1 ლ. 34 თ.
          ტექნოლოგიური ფაკულტეტის ბიბლიოთეკა ტექნოლოგიური ფაკულტეტის ბიბლიოთეკა წიგნსაცავი 2018-12-17 1.00 621.1(075.8)+536+681 ლ-86 10578 2018-12-17 10578 2018-12-17 წიგნი 1 ლ. 34 თ.